Los viajes de Raimondi / (Record no. 20820)

000 -CABECERA
fixed length control field 00738nam a22002177a 4500
003 - IDENTIFICADOR DEL NÚMERO DE CONTROL
control field AR-CdUCM
008 - DATOS DE LONGITUD FIJA--INFORMACIÓN GENERAL
fixed length control field 190606b ||||| |||| 00| 0 spa d
040 ## - FUENTE DE LA CATALOGACIÓN
Agencia/entidad que catalogó originalmente la obra MUNICIPALIDAD PROVINCIAL DEL CUSCO
Entidad que transcribió la catalogación BIBLIOTECA MUNICIPAL DEL CUSCO
082 ## - NÚMERO DE LA CLASIFICACIÓN DECIMAL DEWEY
No. de Clasificación 918.5 /
Notacion interna S21
100 ## - ENTRADA PRINCIPAL--NOMBRE DE PERSONA
Nombre Personal Santillana Cantella, Tomas
245 ## - MENCIÓN DE TÍTULO
Título Los viajes de Raimondi /
260 ## - PUBLICACIÓN, DISTRIBUCIÓN, ETC.
Lugar de publicación, distribución, etc. Lima :
Nombre de la editorial, distribuidor, etc. Oxy,
Fecha de publicación, distribución, etc. 1989.
300 ## - DESCRIPCIÓN FÍSICA
Nº de Páginas Extensión 219 páginas ;
Otros detalles físicos Ilustraciones, mapas
Dimensiones 33 cm.
440 ## - MENCIÓN DE SERIE/PUNTO DE ACCESO ADICIONAL--TÍTULO
Título Occidental petroleum corporation of Peru
9 (RLIN) 43490
505 ## - NOTA DE CONTENIDO CON FORMATO
Nota de contenido formateada Contenido : Provincias visitadas -- Lima -- Canta -- Huaral -- Chancay...
650 ## - PUNTO DE ACCESO ADICIONAL DE MATERIA--TÉRMINO DE MATERIA
Descriptor Geografía
9 (RLIN) 318
650 ## - PUNTO DE ACCESO ADICIONAL DE MATERIA--TÉRMINO DE MATERIA
Descriptor Provincias visitadas
9 (RLIN) 43491
650 ## - PUNTO DE ACCESO ADICIONAL DE MATERIA--TÉRMINO DE MATERIA
Descriptor Biografía
9 (RLIN) 22
942 ## - ELEMENTOS DE PUNTO DE ACCESO ADICIONAL (KOHA)
Fuente de clasificación
Tipo de item Libros-BMC
945 ## - PROCESAMIENTO DE INFORMACIÓN LOCAL (OCLC)
Catalogador rcc
Holdings
Estado de retiro (separado) Fuente de clasificación o esquema de estanterías Estado dañado Ubicación Sala donde se ubica Nombre de la colección Fecha de adquisición o compra Costo, precio normal en soles Signatura topográfica Código de Barras Última vez visto (Koha) Tipo de ítem (Koha)
No     Sala Humanidades Sala Humanidades Book Cart 2019-06-06 25.00 918.5 / S21 SH0000015539 2019-06-06 Libros-BMC

Powered by Koha